Studies in miscue analysis: an annotated Bibliography

Gorde:
Xehetasun bibliografikoak
Egile Nagusiak: Brown, Joel (Egilea), Goodman, Kenneth S (Egilea), Marek, Ann M (Egilea)
Formatua: Liburua
Hizkuntza:ingelesa
Argitaratua: Delaware Water Gap International Reading Association 1996
Gaiak:
Etiketak: Etiketa erantsi
Etiketarik gabe, Izan zaitez lehena erregistro honi etiketa jartzen!

MARC

LEADER 00000nam a2200000 a 4500
001 UCT8335
003 CL-VaPUC
008 970326e19960000US |||||||||||||||||eng|d
082 0 4 |a 016  |b BRO  |2 21 
100 0 |a Brown, Joel  |e author  |9 380011 
700 |a Goodman, Kenneth S  |e author  |9 380012 
700 0 |a Marek, Ann M  |e author  |9 380013 
245 1 0 |a Studies in miscue analysis: an annotated Bibliography 
300 |a 239 p 
942 |c BK 
945 |d 19970326 00:00:00  |a nastorga 
260 |a Delaware Water Gap  |b International Reading Association  |c 1996 
650 7 |a BIBLIOGRAFIA  |2 CL-VaPUC  |9 256175 
650 7 |a CONOCIMIENTO  |2 CL-VaPUC  |9 308991 
650 0 |a Investigación  |9 257811 
650 7 |a DIAGNOSTICO  |2 CL-VaPUC  |9 269639 
650 7 |a ENSEÑANZA CORRECTIVA  |2 CL-VaPUC  |9 310280 
583 |a last modification  |c 19970326 00:00:00  |k Rodrigo Vera 
999 |c 256845  |d 256843 
952 |0 0  |1 0  |4 0  |6 016_000000000000000_BRO_1996  |7 0  |8 A  |9 279877  |a FDOPOS  |b FDOPOS  |d 2019-11-19  |i 3294749  |o 016 BRO 1996  |p 3294749  |r 2025-01-22  |w 2019-11-19  |y BK  |k MLA